[Event "DVM U12 2021-22"]
[Site "Naumburg"]
[Date "2022.03.27"]
[Round "4"]
[White "Lu, Yunong Elias"]
[Black "Torosyan, Bagrat"]
[Result "1-0"]
[WhiteElo "1677"]
[BlackElo "1695"]
[Annotator "NA"]
[PlyCount "59"]
[EventDate "2022.03.25"]
[EventType "team-tourn"]
[EventRounds "7"]
[EventCountry "GER"]
[SourceTitle "playchess.com"]
[Source "ChessBase"]
[SourceQuality "1"]
[TimeControl "40/5400+30:1800+30"]

1. e4 {[%emt 0:00:03]} c5 {[%emt 0:00:04]} 2. Nf3 {[%emt 0:00:31]} d6 {[%emt 0:00:05]} 3. Bb5+ {[%emt 0:00:21]} Bd7 {[%emt 0:00:05]} 4. c4 {[%emt 0:00:14]} Nf6 {[%emt 0:01:54]} 5. Nc3 {[%emt 0:01:53]} Bxb5 {[%emt 0:02:11]} 6. cxb5 {[%emt 0:01:30]} g6 {[%emt 0:00:47]} 7. O-O {[%emt 0:02:35]} Bg7 {[%emt 0:01:16]} 8. d4 {[%emt 0:04:11]} cxd4 {[%emt 0:01:57]} 9. Nxd4 {[%emt 0:01:44]} Nbd7 {[%emt 0:02:12]} 10. a4 {[%emt 0:02:31]} O-O {[%emt 0:11:33]} 11. a5 {[%emt 0:04:14]} Nc5 {[%emt 0:04:36]} 12. Re1 {[%emt 0:09:59]} Qd7 {[%emt 0:04:53]} 13. f3 {[%emt 0:08:20]} Ne6 {[%emt 0:02:11]} 14. Be3 {[%emt 0:02:27]} Nxd4 {[%emt 0:02:30]} 15. Bxd4 {[%emt 0:03:11]} Rfd8 {[%emt 0:02:08]} 16. Kh1 {[%emt 0:03:05]} Ne8 {[%emt 0:01:52]} 17. Bxg7 {[%emt 0:01:14]} Nxg7 {[%emt 0:00:23]} 18. Nd5 {[%emt 0:01:25]} Ne6 {[%emt 0:00:34]} 19. b6 {[%emt 0:01:48]} a6 {[%emt 0:00:14]} 20. Rc1 {[%emt 0:02:08]} Rac8 {[%emt 0:01:35]} 21. Qd2 {[%emt 0:03:15]} Rc6 {[%emt 0:07:03]} 22. Rxc6 {[%emt 0:01:38]} bxc6 {[%emt 0:00:15]} 23. Nb4 {[%emt 0:01:17]} Qb7 {[%emt 0:00:40]} 24. Rc1 {[%emt 0:02:31]} c5 {[%emt 0:01:47]} 25. Nd5 {[%emt 0:03:00]} Nd4 {[%emt 0:01:50]} 26. Qd3 {[%emt 0:04:54]} Nc6 {[%emt 0:06:52]} 27. b4 {[%emt 0:01:49]} cxb4 {[%emt 0:02:28]} 28. Rxc6 {[%emt 0:00:16]} e6 {[%emt 0:03:48]} 29. Rc7 {[%emt 0:00:30]} Rc8 {[%emt 0:00:41]} 30. Rxc8+ 1-0

[Event "DVM U12 2021-22"]
[Site "Naumburg"]
[Date "2022.03.27"]
[Round "4"]
[White "Dordevic, Tom"]
[Black "Friedrich, Timofej"]
[Result "1-0"]
[WhiteElo "1671"]
[BlackElo "1377"]
[Annotator "NA"]
[PlyCount "83"]
[EventDate "2022.03.25"]
[EventType "team-tourn"]
[EventRounds "7"]
[EventCountry "GER"]
[SourceTitle "playchess.com"]
[Source "ChessBase"]
[SourceQuality "1"]
[TimeControl "40/5400+30:1800+30"]

1. Nf3 {[%emt 0:00:05]} d5 {[%emt 0:00:15]} 2. g3 {[%emt 0:00:04]} c6 {[%emt 0:00:27]} 3. Bg2 {[%emt 0:00:04]} Nf6 {[%emt 0:00:09]} 4. O-O {[%emt 0:00:07]} Bf5 {[%emt 0:00:10]} 5. c4 {[%emt 0:00:07]} e6 {[%emt 0:00:13]} 6. cxd5 {[%emt 0:00:08]} exd5 {[%emt 0:00:07]} 7. d3 {[%emt 0:00:05]} Bg6 {[%emt 0:01:29]} 8. Qb3 {[%emt 0:00:48]} Qb6 {[%emt 0:00:16]} 9. Qc2 {[%emt 0:00:30]} Nbd7 {[%emt 0:00:43]} 10. Nc3 {[%emt 0:00:59]} Bd6 {[%emt 0:02:52]} 11. e4 {[%emt 0:08:05]} dxe4 {[%emt 0:00:25]} 12. dxe4 {[%emt 0:00:09]} O-O {[%emt 0:00:33]} 13. Be3 {[%emt 0:01:52]} Qc7 {[%emt 0:02:01]} 14. h3 {[%emt 0:03:00]} Rfe8 {[%emt 0:01:11]} 15. Nh4 {[%emt 0:03:10]} Nf8 {[%emt 0:09:40]} 16. f4 {[%emt 0:14:50]} Nd5 {[%emt 0:05:46]} 17. Nxd5 {[%emt 0:00:39]} cxd5 {[%emt 0:00:15]} 18. Qxc7 {[%emt 0:00:15]} Bxc7 {[%emt 0:00:14]} 19. e5 {[%emt 0:00:34]} Be4 {[%emt 0:00:39]} 20. Bxe4 {[%emt 0:06:41]} dxe4 {[%emt 0:00:24]} 21. Rac1 {[%emt 0:00:29]} Rac8 {[%emt 0:02:10]} 22. Nf5 {[%emt 0:02:25]} b6 {[%emt 0:04:08]} 23. Rf2 {[%emt 0:06:02]} Ne6 {[%emt 0:01:38]} 24. Rfc2 {[%emt 0:02:32]} Rcd8 {[%emt 0:02:41]} 25. Rxc7 {[%emt 0:04:16]} Nxc7 {[%emt 0:00:33]} 26. Rxc7 {[%emt 0:00:04]} Kf8 {[%emt 0:01:38]} 27. Rxa7 {[%emt 0:02:35]} g6 {[%emt 0:04:51]} 28. Nd6 {[%emt 0:01:05]} Re7 {[%emt 0:01:55]} 29. Rxe7 {[%emt 0:12:09]} Kxe7 {[%emt 0:00:22]} 30. Bxb6 {[%emt 0:00:06]} Rb8 {[%emt 0:00:40]} 31. Bd4 {[%emt 0:00:10]} Ra8 {[%emt 0:01:29]} 32. a3 {[%emt 0:00:59]} Ra4 {[%emt 0:00:40]} 33. Bc3 {[%emt 0:01:25]} Ke6 {[%emt 0:02:03]} 34. Kf2 {[%emt 0:00:46]} Kd5 {[%emt 0:01:39]} 35. Nxf7 {[%emt 0:00:38]} Kc4 {[%emt 0:00:56]} 36. Ke3 {[%emt 0:00:46]} Kd5 {[%emt 0:00:11]} 37. Nd6 {[%emt 0:00:23]} h6 {[%emt 0:00:45]} 38. g4 {[%emt 0:00:52]} g5 {[%emt 0:00:28]} 39. f5 {[%emt 0:00:13]} Ra8 {[%emt 0:02:37]} 40. Nxe4 {[%emt 0:00:26]} Rf8 {[%emt 0:00:15]} 41. Nf6+ {[%emt 0:30:46]} Kc6 {[%emt 0:32:19]} 42. e6 {[%emt 0:00:21]} 1-0

[Event "DVM U12 2021-22"]
[Site "Naumburg"]
[Date "2022.03.27"]
[Round "4"]
[White "Wartenberg, Alexander"]
[Black "Ruddat, Jarne"]
[Result "1-0"]
[WhiteElo "1639"]
[BlackElo "1419"]
[Annotator "NA"]
[PlyCount "87"]
[EventDate "2022.03.25"]
[EventType "team-tourn"]
[EventRounds "7"]
[EventCountry "GER"]
[SourceTitle "playchess.com"]
[Source "ChessBase"]
[SourceQuality "1"]
[TimeControl "40/5400+30:1800+30"]

1. e4 {[%emt 0:00:03]} c5 {[%emt 0:00:01]} 2. Nf3 {[%emt 0:00:09]} g6 {[%emt 0:00:04]} 3. c4 {[%emt 0:00:20]} Bg7 {[%emt 0:00:05]} 4. d4 {[%emt 0:00:08]} cxd4 {[%emt 0:00:03]} 5. Nxd4 {[%emt 0:00:09]} Nc6 {[%emt 0:00:14]} 6. Be3 {[%emt 0:00:17]} Nf6 {[%emt 0:00:08]} 7. Nc3 {[%emt 0:00:10]} O-O {[%emt 0:00:07]} 8. Be2 {[%emt 0:00:27]} d6 {[%emt 0:00:05]} 9. O-O {[%emt 0:01:36]} Nxd4 {[%emt 0:00:12]} 10. Bxd4 {[%emt 0:00:15]} Bd7 {[%emt 0:00:59]} 11. Bf3 {[%emt 0:15:24]} Bc6 {[%emt 0:00:33]} 12. Qc2 {[%emt 0:02:07]} Nd7 {[%emt 0:00:30]} 13. Bxg7 {[%emt 0:05:41]} Kxg7 {[%emt 0:00:06]} 14. b3 {[%emt 0:00:25]} a5 {[%emt 0:02:33]} 15. a3 {[%emt 0:01:34]} Qb6 {[%emt 0:02:00]} 16. g3 {[%emt 0:08:03]} Rfc8 {[%emt 0:01:59]} 17. a4 {[%emt 0:01:43]} h5 {[%emt 0:02:23]} 18. Bg2 {[%emt 0:01:26]} Kh7 {[%emt 0:01:04]} 19. Kh1 {[%emt 0:05:32]} Nc5 {[%emt 0:02:58]} 20. Rab1 {[%emt 0:00:49]} Qd8 {[%emt 0:02:05]} 21. f4 {[%emt 0:03:59]} Qh8 {[%emt 0:00:51]} 22. f5 {[%emt 0:01:53]} Qg7 {[%emt 0:01:13]} 23. Nd5 {[%emt 0:10:48]} Bxd5 {[%emt 0:00:50]} 24. exd5 {[%emt 0:00:19]} Rf8 {[%emt 0:00:51]} 25. Bh3 {[%emt 0:07:01]} Rae8 {[%emt 0:02:58]} 26. Rbe1 {[%emt 0:01:29]} Na6 {[%emt 0:04:37]} 27. Qe4 {[%emt 0:04:16]} Nc5 {[%emt 0:01:40]} 28. Qe3 {[%emt 0:02:31]} g5 {[%emt 0:06:11]} 29. Bg2 {[%emt 0:09:49]} f6 {[%emt 0:00:23]} 30. Qc3 {[%emt 0:00:46]} Ra8 {[%emt 0:00:22]} 31. Re2 {[%emt 0:00:32]} Ra7 {[%emt 0:03:47]} 32. Rfe1 {[%emt 0:00:57]} Re8 {[%emt 0:00:15]} 33. Bf3 {[%emt 0:00:34]} Kh6 {[%emt 0:00:16]} 34. Qe3 {[%emt 0:01:11]} b6 {[%emt 0:00:17]} 35. h4 {[%emt 0:00:23]} Rb7 {[%emt 0:00:52]} 36. Rh2 {[%emt 0:00:44]} Kh7 {[%emt 0:04:03]} 37. hxg5 {[%emt 0:01:37]} Kg8 {[%emt 0:00:50]} 38. Bxh5 {[%emt 0:00:34]} Reb8 {[%emt 0:00:55]} 39. Bg6 {[%emt 0:02:06]} e5 {[%emt 0:02:42]} 40. dxe6 {[%emt 0:00:41]} Re7 {[%emt 0:00:08]} 41. Rh7 {[%emt 0:30:57]} Qf8 {[%emt 0:30:05]} 42. Rxe7 {[%emt 0:00:20]} Qxe7 {[%emt 0:00:11]} 43. gxf6 {[%emt 0:00:15]} Qxf6 {[%emt 0:00:09]} 44. e7 {[%emt 0:00:19]} 1-0

[Event "DVM U12 2021-22"]
[Site "Naumburg"]
[Date "2022.03.27"]
[Round "4"]
[White "Fruth, David"]
[Black "Koberstein, Simon"]
[Result "1-0"]
[WhiteElo "1607"]
[BlackElo "1462"]
[Annotator "NA"]
[PlyCount "103"]
[EventDate "2022.03.25"]
[EventType "team-tourn"]
[EventRounds "7"]
[EventCountry "GER"]
[SourceTitle "playchess.com"]
[Source "ChessBase"]
[SourceQuality "1"]
[TimeControl "40/5400+30:1800+30"]

1. e4 {[%emt 0:02:42]} c5 {[%emt 0:00:10]} 2. d4 {[%emt 0:00:16]} cxd4 {[%emt 0:00:08]} 3. c3 {[%emt 0:00:18]} dxc3 {[%emt 0:00:14]} 4. Nxc3 {[%emt 0:00:05]} g6 {[%emt 0:00:12]} 5. Nf3 {[%emt 0:00:35]} Bg7 {[%emt 0:00:09]} 6. Bc4 {[%emt 0:00:56]} Nc6 {[%emt 0:00:42]} 7. O-O {[%emt 0:00:54]} d6 {[%emt 0:00:30]} 8. Qe2 {[%emt 0:01:06]} Bg4 {[%emt 0:01:00]} 9. Bxf7+ {[%emt 0:00:29]} Kxf7 {[%emt 0:00:28]} 10. Ng5+ {[%emt 0:00:05]} Ke8 {[%emt 0:00:25]} 11. Qxg4 {[%emt 0:00:08]} Nf6 {[%emt 0:00:36]} 12. Qe6 {[%emt 0:01:07]} Rf8 {[%emt 0:01:02]} 13. Qb3 {[%emt 0:01:03]} Qd7 {[%emt 0:02:05]} 14. Ne6 {[%emt 0:01:18]} Rf7 {[%emt 0:01:27]} 15. Nd5 {[%emt 0:01:02]} Rc8 {[%emt 0:03:48]} 16. Qh3 {[%emt 0:02:13]} Nd8 {[%emt 0:03:56]} 17. Nxg7+ {[%emt 0:03:01]} Rxg7 {[%emt 0:00:14]} 18. Qd3 {[%emt 0:02:40]} Ne6 {[%emt 0:02:28]} 19. Rd1 {[%emt 0:01:11]} Rd8 {[%emt 0:02:07]} 20. b3 {[%emt 0:01:25]} Rf7 {[%emt 0:02:14]} 21. Bb2 {[%emt 0:00:39]} Nc5 {[%emt 0:05:03]} 22. Nxf6+ {[%emt 0:00:14]} exf6 {[%emt 0:00:17]} 23. Qe3 {[%emt 0:00:14]} Qe6 {[%emt 0:03:17]} 24. Ba3 {[%emt 0:01:53]} b6 {[%emt 0:02:58]} 25. Bxc5 {[%emt 0:01:26]} dxc5 {[%emt 0:01:24]} 26. Qc3 {[%emt 0:01:24]} Rfd7 {[%emt 0:01:04]} 27. Re1 {[%emt 0:00:20]} Re7 {[%emt 0:03:01]} 28. f4 {[%emt 0:00:34]} Rd4 {[%emt 0:01:32]} 29. g3 {[%emt 0:02:24]} Rxe4 {[%emt 0:01:08]} 30. Rxe4 {[%emt 0:00:30]} Qxe4 {[%emt 0:00:06]} 31. Qxf6 {[%emt 0:00:09]} Qe3+ {[%emt 0:04:10]} 32. Kg2 {[%emt 0:00:10]} Qe4+ 33. Kh3 Qe6+ {[%emt 0:01:57]} 34. Qxe6 {[%emt 0:00:34]} Rxe6 {[%emt 0:00:09]} 35. Kg4 {[%emt 0:00:05]} Kf7 {[%emt 0:00:13]} 36. Kf3 {[%emt 0:00:06]} Kf6 {[%emt 0:00:34]} 37. Rd1 {[%emt 0:00:07]} h5 {[%emt 0:00:49]} 38. h3 {[%emt 0:00:08]} a5 {[%emt 0:01:40]} 39. g4 {[%emt 0:01:21]} hxg4+ {[%emt 0:00:48]} 40. hxg4 {[%emt 0:00:07]} Rc6 {[%emt 0:00:52]} 41. a4 {[%emt 0:30:14]} c4 {[%emt 0:30:07]} 42. Rc1 {[%emt 0:01:02]} Ke6 {[%emt 0:00:29]} 43. Rxc4 {[%emt 0:00:31]} Rd6 {[%emt 0:00:15]} 44. Ke4 {[%emt 0:00:22]} Rd5 {[%emt 0:00:37]} 45. Rc6+ {[%emt 0:00:39]} Rd6 {[%emt 0:00:08]} 46. f5+ {[%emt 0:00:05]} gxf5+ {[%emt 0:00:12]} 47. gxf5+ {[%emt 0:00:01]} Ke7 {[%emt 0:00:07]} 48. Rxd6 {[%emt 0:00:05]} Kxd6 {[%emt 0:00:05]} 49. Kd4 {[%emt 0:00:04]} Kd7 {[%emt 0:00:28]} 50. Kd5 {[%emt 0:00:01]} Kd8 {[%emt 0:00:13]} 51. Ke6 {[%emt 0:00:08]} Ke8 {[%emt 0:00:08]} 52. f6 {[%emt 0:00:02]} 1-0

[Event "DVM U12 2021-22"]
[Site "Naumburg"]
[Date "2022.03.27"]
[Round "4"]
[White "Zobel, Christian"]
[Black "Wartenberg, Alissa"]
[Result "1-0"]
[WhiteElo "1547"]
[BlackElo "1670"]
[Annotator "NA"]
[PlyCount "51"]
[EventDate "2022.03.25"]
[EventType "team-tourn"]
[EventRounds "7"]
[EventCountry "GER"]
[SourceTitle "playchess.com"]
[Source "ChessBase"]
[SourceQuality "1"]
[TimeControl "40/5400+30:1800+30"]

1. e4 {[%emt 0:00:03]} e5 {[%emt 0:00:05]} 2. Nf3 {[%emt 0:00:05]} Nc6 {[%emt 0:00:03]} 3. Bc4 {[%emt 0:00:04]} Bc5 {[%emt 0:00:04]} 4. c3 {[%emt 0:00:09]} Nf6 {[%emt 0:00:08]} 5. d3 {[%emt 0:00:34]} d6 {[%emt 0:00:44]} 6. O-O {[%emt 0:00:12]} h6 {[%emt 0:00:04]} 7. Nbd2 {[%emt 0:01:33]} O-O {[%emt 0:00:40]} 8. h3 {[%emt 0:00:32]} a6 {[%emt 0:01:16]} 9. Bb3 {[%emt 0:00:04]} Ba7 {[%emt 0:00:08]} 10. Re1 {[%emt 0:00:50]} Ne7 {[%emt 0:01:03]} 11. Nf1 {[%emt 0:04:29]} Ng6 {[%emt 0:00:36]} 12. Ng3 {[%emt 0:00:57]} Re8 {[%emt 0:09:48]} 13. Be3 {[%emt 0:01:59]} Bd7 {[%emt 0:11:02]} 14. Qd2 {[%emt 0:03:11]} Bxe3 {[%emt 0:06:21]} 15. fxe3 {[%emt 0:02:09]} Bc6 {[%emt 0:02:27]} 16. c4 {[%emt 0:06:10]} Qd7 {[%emt 0:04:36]} 17. Rf1 {[%emt 0:03:31]} b5 {[%emt 0:04:52]} 18. Nh2 {[%emt 0:07:16]} Rf8 {[%emt 0:04:04]} 19. Rxf6 {[%emt 0:06:31]} gxf6 {[%emt 0:01:04]} 20. Ng4 {[%emt 0:00:58]} Qd8 {[%emt 0:00:54]} 21. Nxh6+ {[%emt 0:01:15]} Kh7 {[%emt 0:00:32]} 22. Qe2 {[%emt 0:00:25]} Kxh6 {[%emt 0:04:38]} 23. Qh5+ {[%emt 0:00:07]} Kg7 {[%emt 0:00:05]} 24. Nf5+ {[%emt 0:00:03]} Kg8 {[%emt 0:00:05]} 25. Qh6 {[%emt 0:00:06]} Qe7 {[%emt 0:00:08]} 26. Qg7# 1-0

[Event "DVM U12 2021-22"]
[Site "Naumburg"]
[Date "2022.03.27"]
[Round "4"]
[White "Merenda, Lukas-Benedikt"]
[Black "Burlutskaia, Maria"]
[Result "0-1"]
[WhiteElo "1479"]
[BlackElo "1420"]
[Annotator "NA"]
[PlyCount "56"]
[EventDate "2022.03.25"]
[EventType "team-tourn"]
[EventRounds "7"]
[EventCountry "GER"]
[SourceTitle "playchess.com"]
[Source "ChessBase"]
[SourceQuality "1"]
[TimeControl "40/5400+30:1800+30"]

1. e4 {[%emt 0:00:01]} e5 {[%emt 0:00:08]} 2. Nf3 {[%emt 0:00:20]} Nc6 {[%emt 0:00:07]} 3. Bc4 {[%emt 0:00:03]} Nf6 {[%emt 0:00:08]} 4. Ng5 {[%emt 0:00:01]} d5 {[%emt 0:00:09]} 5. exd5 {[%emt 0:00:01]} Na5 {[%emt 0:00:09]} 6. Bb5+ {[%emt 0:00:02]} c6 {[%emt 0:00:07]} 7. dxc6 {[%emt 0:00:08]} bxc6 {[%emt 0:00:02]} 8. Bd3 {[%emt 0:00:01]} h6 {[%emt 0:01:07]} 9. Ne4 {[%emt 0:00:53]} Nd5 {[%emt 0:03:13]} 10. O-O {[%emt 0:12:21]} Be7 {[%emt 0:03:22]} 11. Nbc3 {[%emt 0:03:33]} O-O {[%emt 0:01:43]} 12. Re1 {[%emt 0:04:59]} Nf4 {[%emt 0:01:59]} 13. Bf1 {[%emt 0:01:06]} f5 {[%emt 0:02:42]} 14. Ng3 {[%emt 0:01:47]} Bd6 {[%emt 0:05:40]} 15. a3 {[%emt 0:03:50]} c5 {[%emt 0:01:02]} 16. d3 {[%emt 0:01:36]} Bb7 {[%emt 0:00:52]} 17. Nb5 {[%emt 0:02:32]} Bb8 {[%emt 0:01:28]} 18. b4 {[%emt 0:04:52]} cxb4 {[%emt 0:02:08]} 19. axb4 {[%emt 0:00:24]} Nc6 {[%emt 0:00:06]} 20. Rb1 {[%emt 0:01:54]} a6 {[%emt 0:01:38]} 21. Na3 {[%emt 0:00:39]} Nd4 {[%emt 0:09:33]} 22. Bxf4 {[%emt 0:07:34]} exf4 {[%emt 0:00:09]} 23. Ne2 {[%emt 0:00:04]} Nf3+ {[%emt 0:01:12]} 24. gxf3 {[%emt 0:03:59]} Bxf3 {[%emt 0:00:15]} 25. h3 {[%emt 0:04:23]} Qg5+ {[%emt 0:02:53]} 26. Kh2 {[%emt 0:00:23]} Bxe2 {[%emt 0:00:09]} 27. Rxe2 {[%emt 0:00:08]} f3+ {[%emt 0:00:26]} 28. Kh1 {[%emt 0:00:07]} Qf4 {[%emt 0:00:16]} 0-1

[Event "DVM U12 2021-22"]
[Site "Naumburg"]
[Date "2022.03.27"]
[Round "4"]
[White "Cwiklik, Jonah"]
[Black "Eichner, Tim"]
[Result "0-1"]
[WhiteElo "1409"]
[BlackElo "1460"]
[Annotator "NA"]
[PlyCount "132"]
[EventDate "2022.03.25"]
[EventType "team-tourn"]
[EventRounds "7"]
[EventCountry "GER"]
[SourceTitle "playchess.com"]
[Source "ChessBase"]
[SourceQuality "1"]
[TimeControl "40/5400+30:1800+30"]

1. e4 {[%emt 0:00:02]} e5 {[%emt 0:00:08]} 2. Nf3 {[%emt 0:00:09]} Nc6 {[%emt 0:00:18]} 3. Bc4 {[%emt 0:00:09]} Bc5 {[%emt 0:00:08]} 4. c3 {[%emt 0:00:11]} d6 {[%emt 0:01:13]} 5. d4 {[%emt 0:00:12]} exd4 {[%emt 0:00:13]} 6. cxd4 {[%emt 0:00:10]} Bb6 {[%emt 0:00:44]} 7. Bb5 {[%emt 0:00:42]} Bd7 {[%emt 0:00:32]} 8. O-O {[%emt 0:00:53]} Nf6 {[%emt 0:01:54]} 9. e5 dxe5 {[%emt 0:00:51]} 10. dxe5 {[%emt 0:01:24]} Nxe5 {[%emt 0:00:46]} 11. Nxe5 {[%emt 0:05:09]} Bxb5 {[%emt 0:00:52]} 12. Qb3 {[%emt 0:00:48]} Qd5 {[%emt 0:05:32]} 13. Qxd5 {[%emt 0:03:16]} Nxd5 {[%emt 0:00:50]} 14. Rd1 {[%emt 0:00:57]} Nf6 {[%emt 0:01:16]} 15. Nc3 {[%emt 0:00:38]} Ba6 {[%emt 0:01:35]} 16. Bg5 {[%emt 0:01:38]} O-O {[%emt 0:01:08]} 17. Bxf6 {[%emt 0:00:52]} gxf6 {[%emt 0:00:24]} 18. Nd7 {[%emt 0:00:13]} Rfd8 {[%emt 0:00:27]} 19. Nd5 {[%emt 0:01:34]} Kg7 {[%emt 0:01:34]} 20. N7xf6 {[%emt 0:00:59]} Ba5 {[%emt 0:06:22]} 21. b4 {[%emt 0:02:33]} Bxb4 {[%emt 0:03:22]} 22. Nxb4 {[%emt 0:00:19]} Kxf6 {[%emt 0:02:51]} 23. Nd5+ {[%emt 0:00:19]} Kg7 {[%emt 0:14:13]} 24. Nxc7 {[%emt 0:01:04]} Be2 {[%emt 0:01:12]} 25. Re1 {[%emt 0:01:19]} Rac8 {[%emt 0:01:37]} 26. Ne6+ {[%emt 0:00:49]} fxe6 {[%emt 0:00:30]} 27. Rxe2 {[%emt 0:00:07]} Rc6 {[%emt 0:00:35]} 28. g3 {[%emt 0:00:30]} Kf6 {[%emt 0:00:28]} 29. Kg2 {[%emt 0:01:12]} b5 {[%emt 0:01:40]} 30. Rb1 {[%emt 0:01:30]} Rb8 {[%emt 0:00:40]} 31. a4 {[%emt 0:01:27]} b4 {[%emt 0:03:08]} 32. Reb2 {[%emt 0:01:18]} a5 {[%emt 0:00:48]} 33. f4 {[%emt 0:01:25]} Rc3 {[%emt 0:02:58]} 34. Ra2 {[%emt 0:03:03]} Ra3 {[%emt 0:01:49]} 35. Rbb2 {[%emt 0:01:48]} Rc3 {[%emt 0:01:59]} 36. Kh3 {[%emt 0:01:40]} Rg8 {[%emt 0:01:16]} 37. Rc2 {[%emt 0:00:49]} Rd3 {[%emt 0:01:46]} 38. Rc5 {[%emt 0:02:06]} Rd5 {[%emt 0:00:34]} 39. Rc7 {[%emt 0:01:45]} Rg7 {[%emt 0:00:45]} 40. Rxg7 {[%emt 0:02:18]} Kxg7 {[%emt 0:00:11]} 41. Kg4 {[%emt 0:30:45]} Kg6 {[%emt 0:32:34]} 42. h4 {[%emt 0:01:32]} h5+ 43. Kf3 Kf5 {[%emt 0:03:04]} 44. Ke3 {[%emt 0:01:30]} e5 {[%emt 0:00:49]} 45. fxe5 {[%emt 0:00:45]} Kxe5 {[%emt 0:00:59]} 46. Rb2 {[%emt 0:00:40]} Kf5 {[%emt 0:00:31]} 47. Rb1 {[%emt 0:01:03]} Kg4 {[%emt 0:00:11]} 48. Rb3 {[%emt 0:00:15]} Rd1 {[%emt 0:01:48]} 49. Ke4 {[%emt 0:00:46]} Rg1 {[%emt 0:01:54]} 50. Kd5 {[%emt 0:00:46]} Rxg3 {[%emt 0:00:58]} 51. Rb1 {[%emt 0:00:20]} Rc3 {[%emt 0:00:33]} 52. Kd4 {[%emt 0:00:21]} Kxh4 {[%emt 0:00:19]} 53. Rg1 {[%emt 0:00:17]} Rg3 {[%emt 0:00:16]} 54. Rh1+ {[%emt 0:00:26]} Kg4 {[%emt 0:00:15]} 55. Ke4 {[%emt 0:00:10]} h4 {[%emt 0:00:13]} 56. Rf1 {[%emt 0:00:27]} b3 {[%emt 0:00:18]} 57. Rh1 {[%emt 0:00:07]} b2 {[%emt 0:00:20]} 58. Rf1 {[%emt 0:00:08]} Rb3 {[%emt 0:00:39]} 59. Rg1+ {[%emt 0:00:19]} Kh3 {[%emt 0:00:11]} 60. Rb1 {[%emt 0:00:26]} Kg2 {[%emt 0:00:28]} 61. Kf4 {[%emt 0:00:32]} h3 {[%emt 0:00:41]} 62. Kg4 {[%emt 0:00:12]} h2 {[%emt 0:00:08]} 63. Kh4 {[%emt 0:00:19]} h1=R+ {[%emt 0:00:20]} 64. Kg4 {[%emt 0:00:06]} Rxb1 {[%emt 0:00:24]} 65. Kh4 {[%emt 0:00:07]} Rg3 {[%emt 0:00:11]} 66. Kh5 {[%emt 0:00:46]} Rh1# 0-1

[Event "DVM U12 2021-22"]
[Site "Naumburg"]
[Date "2022.03.27"]
[Round "4"]
[White "Zhang, Yibo"]
[Black "Klaska, Philipp Leon"]
[Result "0-1"]
[WhiteElo "1397"]
[BlackElo "1959"]
[Annotator "NA"]
[PlyCount "92"]
[EventDate "2022.03.25"]
[EventType "team-tourn"]
[EventRounds "7"]
[EventCountry "GER"]
[SourceTitle "playchess.com"]
[Source "ChessBase"]
[SourceQuality "1"]
[TimeControl "40/5400+30:1800+30"]

1. e4 {[%emt 0:00:02]} c5 {[%emt 0:00:20]} 2. Nf3 {[%emt 0:00:09]} e6 {[%emt 0:00:08]} 3. d4 {[%emt 0:00:06]} cxd4 {[%emt 0:00:03]} 4. Nxd4 {[%emt 0:00:07]} a6 {[%emt 0:00:03]} 5. Nc3 {[%emt 0:00:11]} Qc7 {[%emt 0:00:04]} 6. Bd3 {[%emt 0:00:17]} b5 {[%emt 0:00:52]} 7. O-O {[%emt 0:00:37]} Bb7 {[%emt 0:00:18]} 8. Qe2 {[%emt 0:00:43]} Nf6 {[%emt 0:03:35] is the legacy move (8...d6).} 9. a4 {[%emt 0:00:56]} b4 {[%emt 0:01:30]} 10. Nb1 {[%emt 0:00:28]} Nc6 {[%emt 0:04:40]} 11. Be3 {[%emt 0:03:54] [#]} d5 $146 {[%emt 0:15:38]} ({Predecessor:} 11... Nxd4 12. Bxd4 e5 13. Be3 Nxe4 14. Bf4 d5 15. Bxe4 dxe4 16. Bg3 Bd6 17. c3 O-O {0-1 (37) Tymchyshyn,V (1267)-Niezhentsev,K (1721) Kiev 2021}) 12. exd5 {[%emt 0:08:37]} Nxd5 {[%emt 0:04:04]} 13. c3 {[%emt 0:05:31]} Nxd4 {[%emt 0:07:00]} 14. cxd4 {[%emt 0:07:18]} Bd6 {[%emt 0:07:54]} 15. h3 {[%emt 0:02:42]} O-O {[%emt 0:04:26]} ({Better is} 15... Qc6 $17 16. Qf3 {[#]} Nf4 $1 17. Qxc6+ Bxc6 18. Bxf4 Bxf4) 16. Rc1 {[%emt 0:04:57]} Qe7 {[%emt 0:06:23]} 17. Nd2 {[%emt 0:06:37]} Nf4 {[%emt 0:03:33]} 18. Bxf4 {[%emt 0:02:14]} Bxf4 {[%emt 0:00:22]} 19. Re1 {[%emt 0:04:13]} Bxd2 {[%emt 0:10:06]} 20. Qxd2 {[%emt 0:01:17]} Rfd8 {[%emt 0:02:25]} 21. Rad1 {[%emt 0:05:42]} (21. a5 $11 {should be considered.}) 21... Bd5 {[%emt 0:02:13]} ({Black should play} 21... Rac8 $15) 22. Qe2 {[%emt 0:01:44]} a5 {[%emt 0:01:32]} 23. f3 {[%emt 0:05:40]} Kh8 {[%emt 0:03:29]} 24. Bc2 {[%emt 0:01:10]} ({White should play} 24. Rc1 $15) 24... Rac8 {[%emt 0:01:37]} 25. b3 {[%emt 0:06:07]} Qg5 {[%emt 0:03:09]} 26. Qf2 $19 {[%emt 0:01:50]} Rc3 {[%emt 0:01:16]} ({Stronger than} 26... Bxf3 27. Qxf3 Rxc2 28. Re5 $11) 27. Re5 {[%emt 0:06:54]} Qf6 {[%emt 0:01:09]} 28. Re3 {[%emt 0:05:49]} Rdc8 {[%emt 0:01:34]} 29. Rd2 {[%emt 0:01:24]} g6 {[%emt 0:01:59]} 30. Red3 {[%emt 0:05:12]} Qf4 {[%emt 0:01:27]} 31. Kh1 {[%emt 0:00:53]} Rxd3 {[%emt 0:00:26]} 32. Bxd3 {[%emt 0:03:15]} Rc1+ {[%emt 0:00:15]} 33. Bf1 {[%emt 0:00:17]} Rxf1+ {[%emt 0:00:07]} 34. Qxf1 {[%emt 0:00:06]} Qxd2 {[%emt 0:00:05]} 35. Qb5 {[%emt 0:00:22]} Qxd4 {[%emt 0:02:11]} 36. Qxa5 {[%emt 0:00:13]} Bxb3 {[%emt 0:01:13]} 37. Qb5 {[%emt 0:00:10]} Bd5 {[%emt 0:00:41]} 38. Qf1 {[%emt 0:01:33]} b3 {[%emt 0:00:26]} 39. Qc1 {[%emt 0:01:24]} b2 {[%emt 0:00:59]} 40. Qh6 {[%emt 0:00:53]} b1=Q+ {[%emt 0:00:45]} 41. Kh2 {[%emt 0:30:10]} Kg8 {[%emt 0:30:44]} 42. Qg5 {[%emt 0:00:39]} Qbg1+ {[%emt 0:00:14]} 43. Kg3 {[%emt 0:00:07]} Qdf2+ {[%emt 0:00:16]} 44. Kf4 {[%emt 0:00:23]} Qe3+ {[%emt 0:00:10]} 45. Kg4 {[%emt 0:00:09]} Qxg2+ {[%emt 0:00:06]} 46. Kh4 {[%emt 0:00:04]} Qexg5# 0-1